|
|
|
|
| LEADER |
00000nam0a2200000 4500 |
| 001 |
14779 |
| 005 |
20231030185834.0 |
| 010 |
|
|
|a 0003750981
|
| 035 |
|
|
|a (RuTPU)RU\TPU\book\14878
|
| 035 |
|
|
|a BOOK00014946
|
| 090 |
|
|
|a 14779
|
| 100 |
|
|
|a 20011209d1997 m y0engy50 ba
|
| 101 |
0 |
|
|a eng
|
| 102 |
|
|
|a GB
|
| 105 |
|
|
|a y j 000zy
|
| 200 |
1 |
|
|a Key Words in Science & Technoligy
|f B. Mascull
|
| 210 |
|
|
|a London
|c Collins Cobuild
|d 1997
|
| 215 |
|
|
|a 210 p.
|
| 610 |
1 |
|
|a профессиональный английский язык
|
| 610 |
1 |
|
|a исследования
|
| 610 |
1 |
|
|a окружающая среда
|
| 610 |
1 |
|
|a информационные технологии
|
| 610 |
1 |
|
|a медицина
|
| 610 |
1 |
|
|a генетика
|
| 610 |
1 |
|
|a физика
|
| 610 |
1 |
|
|a лексика
|
| 610 |
1 |
|
|a учебные пособия
|
| 610 |
1 |
|
|a наука
|
| 610 |
1 |
|
|a технологии
|
| 686 |
|
|
|a Ш143.21-923
|v LBC/SL-A
|2 rubbk
|
| 700 |
|
1 |
|a Mascull
|b B.
|g Bill
|
| 801 |
|
0 |
|a RU
|b 63413507
|c 20011209
|g PSBO
|
| 801 |
|
2 |
|a RU
|b 63413507
|c 20221129
|g PSBO
|
| 942 |
|
|
|c BK
|